Tramwaje Warszawa- Linia 27 (przystanki) - Statystyki

Ogólne statystyki
  • Ten quiz został rozwiązany 48 razy
  • Średni wynik to 14 z 18
Statystyki odpowiedzi
Numer przystanku Nazwa przystanku % Poprawnych
1. Cmentarz Wolski
95%
18. Metro Marymont
92%
8. Zajezdnia Wola
92%
9. Okopowa
90%
7. Metro Płocka
87%
4. Elekcyjna
82%
15. Rondo "Radosława"
82%
6. Sokołowska
82%
12. Cmentarz Żydowski
79%
13. Niska
79%
14. Powązkowska
79%
3. Reduta Wolska
79%
5. PKP Wola (Wolska)
77%
10. Żytnia
77%
2. Sowińskiego
74%
16. Plac Grunwaldzki
72%
11. Dzielna
67%
17. Księdza Popiełuszki
62%
Nie znaleziono quizów pasujących do podanych kryteriów
Rozkład punktacji
Procent ludzi z każdym wynikiem
Percentyl według liczby udzielonych odpowiedzi
Twoja historia wyników
Nie rozwiązałeś tego quizu